[Event "Paris-ch Open B"]
[Site "?"]
[Date "2010.07.03"]
[Round "1.1"]
[White "Marmier, Eric"]
[Black "Acudad, Marsuk"]
[Result "1-0"]
[WhiteElo "1666"]
[BlackElo "1891"]
[PlyCount "70"]
[EventDate "2010.07.03"]
[SourceDate "2010.07.03"]

1. d4 d5 2. e3 Nf6 3. c3 c6 4. Bd3 Nbd7 5. f4 e6 6. Nf3 c5 7. O-O a6 8. Qe2 c4
9. Bc2 Ne4 10. Nbd2 Ndf6 11. Ne5 b5 12. Ndf3 h6 13. Bd2 Bd6 14. Be1 Qc7 15. Kh1
Bb7 16. Nd2 Rb8 17. Ndf3 O-O 18. Rg1 a5 19. a3 Ra8 20. g4 Nd7 21. g5 h5 22. g6
f5 23. Bxe4 fxe4 24. Ng5 Nf6 25. Nxe6 Qe7 26. Nxf8 Rxf8 27. Bh4 Qe6 28. Bxf6
Rxf6 29. Qxh5 Kf8 30. Qh8+ Ke7 31. Qxg7+ Ke8 32. Qxb7 Bxe5 33. dxe5 Rxg6 34.
Rxg6 Qxg6 35. Qc8+ Ke7 1-0

[Event "Paris-ch Open B"]
[Site "?"]
[Date "2010.07.04"]
[Round "1.2"]
[White "Caorlin, Marco"]
[Black "De Castet, Antoine"]
[Result "1-0"]
[WhiteElo "1890"]
[BlackElo "1662"]
[PlyCount "83"]
[EventDate "2010.07.03"]
[SourceDate "2010.07.03"]

1. e4 e6 2. Nf3 d5 3. Nc3 d4 4. Ne2 c5 5. c3 dxc3 6. Nxc3 Nf6 7. Bc4 Be7 8. O-O
O-O 9. d4 cxd4 10. Nxd4 Qb6 11. Nb3 Nc6 12. Qe2 Ne5 13. Be3 Qc7 14. Bd3 a6 15.
Rac1 Nxd3 16. Qxd3 Rd8 17. Qe2 Qe5 18. f3 Bd7 19. Rfd1 Bc6 20. Bb6 Rd7 21. Rxd7
Nxd7 22. Bf2 Rd8 23. Nd4 Rc8 24. Nxc6 Rxc6 25. Bg3 Qa5 26. Rd1 Ne5 27. Bxe5
Qxe5 28. Rd7 Rc7 29. Qd1 g6 30. Kf1 Qxh2 31. Qd4 e5 32. Qd5 Qh1+ 33. Kf2 Bc5+
34. Kg3 Rxd7 35. Qxd7 g5 36. Qd8+ Bf8 37. Qxg5+ Bg7 38. Qd8+ Bf8 39. Nd5 Qe1+
40. Kg4 Kg7 41. Qg5+ Kh8 42. Qxe5+ 1-0

[Event "Paris-ch Open B"]
[Site "?"]
[Date "2010.07.04"]
[Round "1.3"]
[White "Laurent Tenaille, Christian"]
[Black "Assedo, Joachim"]
[Result "0-1"]
[WhiteElo "1661"]
[BlackElo "1883"]
[PlyCount "56"]
[EventDate "2010.07.03"]
[SourceDate "2010.07.03"]

1. d4 Nf6 2. Bf4 g6 3. e3 Bg7 4. Be2 O-O 5. h3 d6 6. Nf3 Nbd7 7. Nbd2 c5 8. c3
a6 9. a4 cxd4 10. cxd4 Nd5 11. Bg3 Nb4 12. O-O a5 13. Nc4 Nf6 14. Nfd2 Bf5 15.
Na3 Rc8 16. Bc4 d5 17. Bb3 Nd3 18. Ra2 Qb6 19. Nc2 e6 20. Be5 Ne4 21. Nxe4 Qxb3
22. Ra3 Qxc2 23. Qxc2 Rxc2 24. Bxg7 Kxg7 25. Nd6 Nxb2 26. Nxf5+ gxf5 27. Rb1
Nc4 28. Raa1 b6 0-1

[Event "Paris-ch Open B"]
[Site "?"]
[Date "2010.07.03"]
[Round "1.4"]
[White "Insuasty, Luis"]
[Black "Aberkane, Nadir"]
[Result "1-0"]
[WhiteElo "1883"]
[BlackElo "1660"]
[PlyCount "75"]
[EventDate "2010.07.03"]
[SourceDate "2010.07.03"]

1. c4 e5 2. Nc3 Nc6 3. g3 f5 4. d3 Nf6 5. Bg2 Bb4 6. Bd2 Bxc3 7. Bxc3 d6 8. b4
O-O 9. b5 Ne7 10. Nh3 Qe8 11. e3 Rb8 12. O-O Ng6 13. Re1 Bd7 14. a4 c6 15. Bb4
c5 16. Bc3 Qc8 17. f4 exf4 18. exf4 Be6 19. Ng5 Bf7 20. Bxf6 gxf6 21. Nxf7 Kxf7
22. Qh5 Kg7 23. Bh3 Re8 24. Bxf5 Rxe1+ 25. Rxe1 Qf8 26. Qe2 b6 27. Bxg6 hxg6
28. Qe7+ Qf7 29. Qxd6 Re8 30. Rxe8 Qxe8 31. Kf2 Qf7 32. Qd5 Qe7 33. Qe4 Qd7 34.
Kf3 f5 35. Qe5+ Kh7 36. Qd5 Qe7 37. Kf2 Kh6 38. Qe5 1-0

[Event "Paris-ch Open B"]
[Site "?"]
[Date "2010.07.04"]
[Round "1.5"]
[White "Guilloton, Saravan"]
[Black "Saunier, Serge"]
[Result "0-1"]
[WhiteElo "1660"]
[BlackElo "1882"]
[Annotator "Triger,Franck"]
[PlyCount "70"]
[EventDate "2010.07.03"]
[SourceDate "2010.07.03"]

1. e4 c5 2. Nf3 Nc6 3. d4 cxd4 4. Nxd4 Nf6 5. Nc3 e5 6. Nb3 a6 7. a4 d6 8. Bg5
Be6 9. Nd5 Be7 10. f3 Rc8 11. Be3 O-O 12. Bb6 Qd7 13. Be2 Bd8 14. c3 Bxd5 15.
exd5 Ne7 16. Bxd8 Qxd8 17. c4 Nh5 18. O-O f5 19. Rc1 b6 20. c5 a5 21. cxd6 Qxd6
22. Bc4 Kh8 23. Qd2 Nf6 24. Rfd1 Rfd8 25. Qd3 h6 26. f4 Nd7 27. Re1 e4 28. Qd2
Nf6 29. Nd4 Nfxd5 30. Nxf5 Qxf4 31. Qxf4 Nxf4 32. Rf1 g5 33. g3 Nd3 34. Bxd3
Rxd3 35. Rxc8+ Nxc8 {Suite Illisible} 0-1

[Event "Paris-ch Open B"]
[Site "?"]
[Date "2010.07.04"]
[Round "1.6"]
[White "Leclerc, Arnaud"]
[Black "Louvrier St Mary, Roger"]
[Result "1-0"]
[WhiteElo "1881"]
[BlackElo "1660"]
[PlyCount "91"]
[EventDate "2010.07.03"]
[SourceDate "2010.07.03"]

1. e4 e6 2. d3 b5 3. g3 Bb7 4. Bg2 g6 5. Nd2 f5 6. Ngf3 Bg7 7. exf5 gxf5 8. O-O
Ne7 9. Ng5 Bxg2 10. Qh5+ Ng6 11. Kxg2 Qf6 12. Nxh7 Rxh7 13. Qxh7 Nc6 14. Nf3
Nce7 15. Qh5 e5 16. Nh4 O-O-O 17. Nxg6 Nxg6 18. Bg5 Qc6+ 19. Qf3 e4 20. dxe4
fxe4 21. Qe3 Rh8 22. Rfe1 d5 23. Qe2 Bd4 24. Qg4+ Kb8 25. c3 Bb6 26. Be3 Rg8
27. Bxb6 axb6 28. h4 Qe8 29. Kh1 Ne5 30. Qf5 Rf8 31. Qg5 Rg8 32. Qd2 Qf7 33. f4
e3 34. Qg2 Nc4 35. Kh2 Re8 36. Re2 c5 37. Rd1 Rd8 38. Qf3 d4 39. cxd4 cxd4 40.
Rd3 Rf8 41. Rxd4 Ne5 42. Qe4 Ng4+ 43. Kg2 Qxa2 44. Rd7 Qa6 45. Qe6 Qa8+ 46. Kh3
1-0

[Event "Paris-ch Open B"]
[Site "?"]
[Date "2010.07.04"]
[Round "1.7"]
[White "Moriceau"]
[Black "Duget, Jean Claude"]
[Result "0-1"]
[WhiteElo "1640"]
[BlackElo "1880"]
[PlyCount "124"]
[EventDate "2010.07.03"]
[SourceDate "2010.07.03"]

1. e4 c5 2. f4 Nc6 3. Nf3 g6 4. Bc4 Bg7 5. O-O e6 6. d3 Nge7 7. c3 d5 8. exd5
exd5 9. Bb3 O-O 10. Be3 b6 11. d4 c4 12. Bc2 b5 13. Nbd2 Qc7 14. Ne5 Bf5 15.
Ndf3 Bxc2 16. Qxc2 Nf5 17. Bf2 Nd8 18. Nh4 Nd6 19. Be3 Qe7 20. Nhf3 f6 21. Ng4
h5 22. Nge5 fxe5 23. Qxg6 Rf6 24. Qg5 N8f7 25. Qxh5 exf4 26. Bd2 Rf5 27. Qh3
Rf6 28. Rae1 Ne4 29. Qh5 Qd6 30. Bc1 Rh6 31. Qg4 Rf6 32. Nh4 Nh6 33. Qh5 Raf8
34. Qe5 Qd7 35. Qh5 Qf7 36. Qxf7+ R8xf7 37. Rf3 Nf5 38. Nxf5 Rxf5 39. Ref1 b4
40. g4 R5f6 41. cxb4 Rb6 42. Kg2 Rxb4 43. Rxf4 Rxf4 44. Rxf4 Bh6 45. Rf1 Bxc1
46. Rxc1 Rxb2+ 47. Kf3 Rxa2 48. h4 c3 49. g5 Kg7 50. Kf4 Kg6 51. Ke5 Ra5 52.
Rc2 Rb5 53. Ra2 a5 54. Rg2 Rb2 55. Rg1 c2 56. Rc1 Nd2 57. h5+ Kxh5 58. Kf6 Ne4+
59. Kf5 Ng3+ 60. Kf6 Ne2 61. g6 Nxc1 62. g7 Rb8 0-1

[Event "Paris-ch Open B"]
[Site "?"]
[Date "2010.07.03"]
[Round "1.8"]
[White "Van Mulder, Eric"]
[Black "Prothee, Renaud"]
[Result "1-0"]
[WhiteElo "1879"]
[BlackElo "1660"]
[PlyCount "83"]
[EventDate "2010.07.03"]
[SourceDate "2010.07.03"]

1. c4 Nf6 2. e3 c5 3. Nc3 g6 4. d4 cxd4 5. exd4 d5 6. Be3 Bg7 7. Qb3 dxc4 8.
Bxc4 O-O 9. Nf3 Qb6 10. d5 Qa5 11. O-O Na6 12. Nb5 Ne4 13. a3 Bd7 14. Nfd4 Nd2
15. Bxd2 Qxd2 16. Rad1 Qf4 17. g3 Qf6 18. Qe3 Rfc8 19. b3 Nc5 20. Rfe1 a6 21.
Nc3 b5 22. Bf1 Nxb3 23. Ne4 Qxd4 24. Rxd4 Nxd4 25. Rd1 a5 26. Rxd4 Bxd4 27.
Qxd4 Rc1 28. Kg2 b4 29. Qb2 Re1 30. Bd3 Bf5 31. f3 Rc8 32. Nf2 bxa3 33. Qxa3
Re3 34. d6 Bxd3 35. Nxd3 Rc2+ 36. Kh3 exd6 37. Qxd6 Ree2 38. Ne5 Rxh2+ 39. Kg4
Rcd2 40. Qf6 a4 41. Qxf7+ Kh8 42. Qf8# 1-0

[Event "Paris-ch Open B"]
[Site "?"]
[Date "2010.07.03"]
[Round "1.9"]
[White "Anjoure, JM."]
[Black "Ernouf, Anthony"]
[Result "0-1"]
[WhiteElo "1655"]
[BlackElo "1878"]
[PlyCount "74"]
[EventDate "2010.07.03"]
[SourceDate "2010.07.03"]

1. d4 Nf6 2. c4 g6 3. Nc3 Bg7 4. e4 d6 5. h3 O-O 6. Bd3 Nbd7 7. Nf3 e5 8. d5
Nc5 9. Bc2 a5 10. a4 Ne8 11. g4 f5 12. Bg5 Bf6 13. Bxf6 Qxf6 14. gxf5 gxf5 15.
Nd2 Kh8 16. Qf3 fxe4 17. Qxf6+ Nxf6 18. Ndxe4 Nfxe4 19. Bxe4 Rf4 20. f3 Bf5 21.
Ne2 Rxe4 22. fxe4 Bxe4 23. Rf1 Nd3+ 24. Kd2 Nxb2 25. Kc3 Nd3 26. Rf7 Rc8 27.
Raf1 Nc5 28. Rf8+ Rxf8 29. Rxf8+ Kg7 30. Rc8 c6 31. dxc6 Nxa4+ 32. Kb3 Nc5+ 33.
Kc3 Bxc6 34. Ng3 Bd7 35. Rc7 Kg6 36. h4 a4 37. Kb4 Na6+ 0-1

[Event "Paris-ch Open B"]
[Site "?"]
[Date "2010.07.03"]
[Round "1.12"]
[White "Yuen, Wing On"]
[Black "Likhoded, Victoria"]
[Result "1-0"]
[WhiteElo "1870"]
[BlackElo "1647"]
[PlyCount "59"]
[EventDate "2010.07.03"]
[SourceDate "2010.07.03"]

1. e4 d6 2. Nc3 Nf6 3. f4 Nbd7 4. Nf3 e5 5. d3 Be7 6. g3 c6 7. Bg2 O-O 8. O-O
b5 9. f5 Bb7 10. h3 a6 11. g4 d5 12. Nh2 dxe4 13. g5 Nd5 14. Nxe4 Bc5+ 15. Kh1
Ne3 16. Bxe3 Bxe3 17. Qg4 h6 18. h4 hxg5 19. hxg5 Nc5 20. f6 Nxe4 21. Bxe4 g6
22. Qh4 Bxg5 23. Qxg5 Kh7 24. Qh4+ Kg8 25. Qh6 Qxf6 26. Rxf6 Rab8 27. Rg1 c5
28. Rfxg6+ fxg6 29. Qxg6+ Kh8 30. Qg7# 1-0

[Event "Paris-ch Open B"]
[Site "?"]
[Date "2010.07.03"]
[Round "1.15"]
[White "Edery, Laurent"]
[Black "Antipas, Arnaud"]
[Result "0-1"]
[WhiteElo "1647"]
[BlackElo "1860"]
[PlyCount "38"]
[EventDate "2010.07.03"]
[SourceDate "2010.07.03"]

1. c4 Nf6 2. Nc3 e5 3. Nf3 Nc6 4. a3 d5 5. d4 exd4 6. Nxd4 Be7 7. cxd5 Nxd5 8.
e4 Nxc3 9. bxc3 Bf6 10. Bb2 Qe7 11. f3 Bd7 12. Nxc6 Bxc6 13. Qc2 O-O 14. O-O-O
Rfd8 15. Rxd8+ Rxd8 16. Be2 Qc5 17. Rd1 Qg5+ 18. Kb1 Qxg2 19. Rxd8+ Bxd8 0-1

[Event "Paris-ch Open B"]
[Site "?"]
[Date "2010.07.04"]
[Round "1.10"]
[White "Marcelin, Philippe"]
[Black "Boudia, Samy"]
[Result "1/2-1/2"]
[WhiteElo "1875"]
[BlackElo "1654"]
[PlyCount "92"]
[EventDate "2010.07.03"]
[SourceDate "2010.07.03"]

1. e4 e6 2. d4 d5 3. Nc3 Nf6 4. e5 Nfd7 5. f4 c5 6. Nf3 Nc6 7. Be3 Qb6 8. Na4
Qa5+ 9. c3 b5 10. Nxc5 Nxc5 11. b4 Nd3+ 12. Bxd3 Qb6 13. a4 Ba6 14. Qe2 Rb8 15.
axb5 Bxb5 16. Bxb5 Qxb5 17. Qxb5 Rxb5 18. Ra6 Rb6 19. Rxb6 axb6 20. Ke2 Be7 21.
Ra1 Kd7 22. Kd3 Kc7 23. Bf2 Kb7 24. Bh4 Bxh4 25. Nxh4 g6 26. Nf3 h6 27. Kc2 Ra8
28. Rxa8 Kxa8 29. g4 Ne7 30. b5 Kb7 31. Kb3 Kc7 32. Nd2 Kd7 33. Nf1 h5 34. h3
hxg4 35. hxg4 Kc7 36. Ne3 g5 37. fxg5 Ng6 38. c4 dxc4+ 39. Kxc4 Kd7 40. Kd3
Nf4+ 41. Kc3 Nh3 42. d5 Nxg5 43. d6 f6 44. exf6 Kxd6 45. Nc4+ Kc5 46. Ne5 Ne4+
1/2-1/2

[Event "Paris-ch Open B"]
[Site "?"]
[Date "2010.07.05"]
[Round "2.1"]
[White "Bah, Ismael"]
[Black "Caorlin, Mario"]
[Result "0-1"]
[WhiteElo "1723"]
[BlackElo "1890"]
[PlyCount "74"]
[EventDate "2010.07.03"]
[SourceDate "2010.07.03"]

1. Nf3 e6 2. a3 b6 3. g3 Bb7 4. Bg2 f5 5. e3 Nf6 6. b4 Be7 7. Bb2 O-O 8. O-O
Kh8 9. c4 Qe8 10. d4 Ne4 11. Nc3 Nxc3 12. Bxc3 Bf6 13. c5 d6 14. cxd6 cxd6 15.
Qb3 Bd5 16. Qb2 Nc6 17. Rac1 Rc8 18. Nd2 Bxg2 19. Kxg2 Ne7 20. Qb3 Ng6 21. Bb2
Qd7 22. Nb1 Qb7+ 23. f3 e5 24. Nd2 b5 25. Qe6 Rxc1 26. Rxc1 Bg5 27. Kf2 Qb8 28.
Rc6 f4 29. exf4 exf4 30. g4 Bh4+ 31. Kg1 Re8 32. Qxd6 Re1+ 33. Nf1 Qe8 34. Bc1
Rxf1+ 35. Kxf1 Qe1+ 36. Kg2 Qf2+ 37. Kh1 Qf1# 0-1

[Event "Paris-ch Open B"]
[Site "?"]
[Date "2010.07.05"]
[Round "2.2"]
[White "Assedo, Johaquim"]
[Black "Weens, William"]
[Result "1-0"]
[WhiteElo "1883"]
[BlackElo "1722"]
[PlyCount "124"]
[EventDate "2010.07.03"]
[SourceDate "2010.07.03"]

1. e4 e5 2. Nf3 Nc6 3. Bc4 Bc5 4. O-O Nf6 5. Nc3 O-O 6. d3 h6 7. a3 d6 8. h3
Nd4 9. Nxd4 Bxd4 10. Ne2 d5 11. exd5 Nxd5 12. Ng3 Nf4 13. Qf3 Qh4 14. Ne4 Kh8
15. Bxf4 Qxf4 16. Qxf4 exf4 17. c3 Bb6 18. d4 f3 19. Rfe1 fxg2 20. Kxg2 c6 21.
Nd6 Be6 22. Bxe6 fxe6 23. Nxb7 Rab8 24. Nd6 Rf6 25. Re2 Rg6+ 26. Kh1 Rf8 27.
Ne4 e5 28. dxe5 Rf3 29. Kh2 Bc7 30. Ng3 Bxe5 31. Rxe5 Rxf2+ 32. Kg1 Rf3 33. Kh2
Rfxg3 34. Re2 h5 35. Rd1 Rf3 36. Rdd2 Rgg3 37. h4 Rh3+ 38. Kg2 Rfg3+ 39. Kf2
Rg4 40. Rd7 Rh2+ 41. Ke1 Rxe2+ 42. Kxe2 a5 43. Rd4 Rg2+ 44. Kd3 Rxb2 45. Ra4
Rb5 46. Rc4 Rd5+ 47. Ke4 Rd6 48. Rc5 Re6+ 49. Kf4 a4 50. Rxh5+ Rh6 51. Rxh6+
gxh6 52. Ke5 Kg7 53. Kd6 Kg6 54. Kxc6 Kh5 55. Kd6 Kxh4 56. c4 Kg3 57. c5 h5 58.
c6 h4 59. c7 h3 60. c8=Q h2 61. Qc6 Kf2 62. Qh1 Kg3 1-0

[Event "Paris-ch Open B"]
[Site "?"]
[Date "2010.07.05"]
[Round "2.3"]
[White "Anicette, Hugues"]
[Black "Insuasty, Luis"]
[Result "0-1"]
[WhiteElo "1721"]
[BlackElo "1860"]
[PlyCount "83"]
[EventDate "2010.07.03"]
[SourceDate "2010.07.03"]

1. Nf3 c5 2. g3 g6 3. Bg2 Bg7 4. O-O Nf6 5. d3 Nc6 6. Nbd2 O-O 7. e4 d6 8. Re1
Qc7 9. c3 Rb8 10. Nf1 b5 11. d4 Rd8 12. Qe2 Bg4 13. dxc5 dxc5 14. Bf4 e5 15.
Bg5 h6 16. Bxf6 Bxf6 17. Ne3 Be6 18. b3 b4 19. c4 Nd4 20. Qf1 Bh3 21. Nxd4 Bxg2
22. Kxg2 exd4 23. Nd5 Qd6 24. f4 Bg7 25. Rad1 Re8 26. Qf3 Re6 27. Re2 Rd8 28.
Rde1 a5 29. e5 Qb8 30. Qg4 h5 31. Qf3 Ra6 32. Re4 a4 33. Qe2 axb3 34. axb3 Qa7
35. Kh3 Ra2 36. Qf3 Qd7+ 37. g4 hxg4+ 38. Qxg4 Rxh2+ 39. Kxh2 Qxg4 40. Nf6+
Bxf6 41. exf6 Qh4+ 42. Kg2 0-1

[Event "Paris-ch Open B"]
[Site "?"]
[Date "2010.07.05"]
[Round "2.4"]
[White "Lermuzeaux, Jean Marc"]
[Black "Leclerc, Arnaud"]
[Result "0-1"]
[WhiteElo "1717"]
[BlackElo "1881"]
[PlyCount "60"]
[EventDate "2010.07.03"]
[SourceDate "2010.07.03"]

1. g3 f5 2. d4 e6 3. Bg2 d5 4. Nh3 Nf6 5. f3 c5 6. c3 Nc6 7. O-O Qb6 8. e3 Bd6
9. Nd2 O-O 10. Nb3 cxd4 11. cxd4 Bd7 12. Bd2 e5 13. Bc3 e4 14. f4 Rac8 15. Qd2
Qd8 16. Na5 Nxa5 17. Bxa5 Qe7 18. Rfc1 b6 19. Rxc8 Rxc8 20. Bc3 Bb5 21. Bf1
Bxf1 22. Rxf1 h6 23. Qe2 Qd7 24. Qd2 Qa4 25. a3 Qb3 26. Rf2 Bxa3 27. bxa3 Rxc3
28. a4 Ng4 29. Re2 Rd3 30. Qc2 Rd1+ 0-1

[Event "Paris-ch Open B"]
[Site "?"]
[Date "2010.07.05"]
[Round "2.5"]
[White "Duget, Jean Claude"]
[Black "Vine, Guillaume"]
[Result "1-0"]
[WhiteElo "1880"]
[BlackElo "1707"]
[PlyCount "99"]
[EventDate "2010.07.03"]
[SourceDate "2010.07.03"]

1. e4 e5 2. Nf3 Nc6 3. Bb5 Bc5 4. O-O d6 5. h3 Nf6 6. Qe2 O-O 7. c3 Re8 8. d3
a6 9. Ba4 b5 10. Bc2 d5 11. Nh2 d4 12. Nd2 Be6 13. Ndf3 h6 14. Kh1 Qd7 15. Bd2
a5 16. a4 b4 17. cxb4 axb4 18. b3 Bd6 19. Rfc1 Nh7 20. g4 f6 21. Nh4 Na5 22.
Rab1 Qf7 23. Qd1 c5 24. Nf5 Nb7 25. h4 Bxf5 26. gxf5 Kh8 27. Qg4 Rg8 28. Rg1
Na5 29. Nf3 Be7 30. h5 Ng5 31. Nh4 Bd6 32. Ng6+ Kh7 33. f4 exf4 34. Bxf4 Bxf4
35. Nxf4 Nc6 36. Ng6 Ne5 37. Nxe5 fxe5 38. Bd1 Ra5 39. Be2 Qf6 40. Rbc1 Rc8 41.
Rc4 Rc7 42. Rgc1 Kh8 43. Rxb4 cxb4 44. Rxc7 Qd6 45. Rc8+ Kh7 46. f6 Qxf6 47.
Qf5+ Qxf5 48. exf5 Nh3 49. Kg2 Ra6 50. Kf3 1-0

[Event "Paris-ch Open B"]
[Site "?"]
[Date "2010.07.05"]
[Round "2.6"]
[White "Pauvert, Eric"]
[Black "Van Mulder, Eric"]
[Result "1-0"]
[WhiteElo "1710"]
[BlackElo "1872"]
[PlyCount "143"]
[EventDate "2010.07.03"]
[SourceDate "2010.07.03"]

1. e4 Nc6 2. Nf3 e5 3. Bb5 Nge7 4. O-O Ng6 5. c3 a6 6. Ba4 b5 7. Bb3 Na5 8. d4
Nxb3 9. axb3 exd4 10. Qxd4 Bb7 11. Be3 c5 12. Qd1 Bxe4 13. Re1 d5 14. Nbd2 f6
15. Nxe4 dxe4 16. Nd2 f5 17. f3 Qd3 18. fxe4 f4 19. Bf2 Rd8 20. Nf3 Be7 21.
Qxd3 Rxd3 22. Rxa6 O-O 23. Rea1 Rfd8 24. Ra8 Kf7 25. Rxd8 Rxd8 26. Kf1 b4 27.
Ke2 bxc3 28. bxc3 Rb8 29. Rb1 Ke6 30. Kd3 Kd6 31. Kc4 Kc6 32. b4 cxb4 33. cxb4
Ra8 34. Rb2 Ra4 35. Nd4+ Kb7 36. Kb5 Ra8 37. Nc6 Bf6 38. Rc2 Re8 39. Na5+ Kb8
40. Nc6+ Kb7 41. Bb6 Ne5 42. Na5+ Ka8 43. Rc7 Bd8 44. Ra7+ Kb8 45. Rb7+ Ka8 46.
Bxd8 Rxd8 47. Rxg7 Rb8+ 48. Ka4 Rh8 49. b5 h5 50. Nc6 Nxc6 51. bxc6 h4 52. Rf7
h3 53. gxh3 Rxh3 54. Rxf4 Rxh2 55. Kb5 Rb2+ 56. Kc5 Rc2+ 57. Kd6 Rd2+ 58. Kc7
Ka7 59. e5 Ka6 60. e6 Re2 61. Kd7 Kb6 62. e7 Rd2+ 63. Ke8 Kxc6 64. Kf8 Kc7 65.
Rc4+ Kd6 66. e8=Q Rf2+ 67. Kg7 Rg2+ 68. Qg6+ Ke5 69. Qxg2 Kd6 70. Qc6+ Ke7 71.
Re4+ Kd8 72. Re8# 1-0

[Event "Paris-ch Open B"]
[Site "?"]
[Date "2010.07.05"]
[Round "2.7"]
[White "Ernouf, Anthony"]
[Black "Courthial, Bernard"]
[Result "1-0"]
[WhiteElo "1878"]
[BlackElo "1706"]
[PlyCount "49"]
[EventDate "2010.07.03"]
[SourceDate "2010.07.03"]

1. d4 d6 2. e3 Nf6 3. Bd3 g6 4. f4 Bg7 5. Nf3 c6 6. O-O O-O 7. e4 Qc7 8. e5 Ne8
9. Qe1 dxe5 10. fxe5 b5 11. Qh4 f6 12. Bh6 Na6 13. c3 Be6 14. Nbd2 Rd8 15. Bxg7
Kxg7 16. a4 Nb8 17. axb5 c5 18. Ne4 c4 19. Bc2 Nd7 20. Nfg5 fxg5 21. Nxg5 Bg8
22. Rxf8 Nxf8 23. Rf1 Ne6 24. Rf7+ Bxf7 25. Qxh7+ 1-0

[Event "Paris-ch Open B"]
[Site "?"]
[Date "2010.07.05"]
[Round "2.8"]
[White "Sochacki, Zenon"]
[Black "Bagoe, Stephen"]
[Result "1-0"]
[WhiteElo "1875"]
[BlackElo "1708"]
[PlyCount "43"]
[EventDate "2010.07.03"]
[SourceDate "2010.07.03"]

1. f4 Nc6 2. Nf3 d6 3. d4 Nf6 4. b3 e6 5. Bb2 b6 6. e3 Bb7 7. Bd3 d5 8. O-O Bd6
9. Nbd2 Ne7 10. Ne5 O-O 11. Qe1 Bxe5 12. fxe5 Ne4 13. Bxe4 dxe4 14. Ba3 Re8 15.
Bxe7 Qxe7 16. Rf4 Rf8 17. Nxe4 Bxe4 18. Rxe4 f5 19. exf6 Rxf6 20. Qh4 Qf7 21.
Rf4 Rf8 22. Raf1 1-0

[Event "Paris-ch Open B"]
[Site "?"]
[Date "2010.07.05"]
[Round "2.9"]
[White "David, Jean Luc"]
[Black "Yuen, Wing Yan"]
[Result "0-1"]
[WhiteElo "1709"]
[BlackElo "1870"]
[PlyCount "84"]
[EventDate "2010.07.03"]
[SourceDate "2010.07.03"]

1. e4 e5 2. c3 Nf6 3. Qa4 g6 4. Be2 Bg7 5. Nf3 O-O 6. Nxe5 Re8 7. Ng4 Nxe4 8.
d3 Nc5 9. Qc2 d6 10. O-O Qe7 11. Bf3 Bf5 12. Be3 Bxd3 13. Qd2 Bxf1 14. Kxf1 Ne4
15. Qd5 c6 16. Qxe4 Qxe4 17. Bxe4 Rxe4 18. h3 Nd7 19. Nd2 Re6 20. Bd4 Bxd4 21.
cxd4 Rae8 22. b4 f5 23. Ne3 Nf6 24. a4 Ne4 25. Ndc4 f4 26. Nc2 Nc3 27. a5 Nb5
28. h4 Re2 29. Rc1 d5 30. N4e3 Rd2 31. Ng4 Kg7 32. Ne1 Nxd4 33. b5 Ree2 34.
bxc6 bxc6 35. Nf3 Nxf3 36. gxf3 h5 37. Rxc6 hxg4 38. fxg4 f3 39. Rc7+ Kf6 40.
g5+ Kf5 41. Kg1 Rd1+ 42. Kh2 Kg4 0-1

[Event "Paris-ch Open B"]
[Site "?"]
[Date "2010.07.05"]
[Round "2.10"]
[White "Hombourger, Regis"]
[Black "Conrad, Michel"]
[Result "0-1"]
[WhiteElo "1868"]
[BlackElo "1699"]
[PlyCount "40"]
[EventDate "2010.07.03"]
[SourceDate "2010.07.03"]

1. d4 Nf6 2. c4 e6 3. Nc3 Bb4 4. Bd2 b6 5. Nf3 Bb7 6. e3 O-O 7. Bd3 d5 8. a3
Bxc3 9. Bxc3 dxc4 10. Bxc4 Ne4 11. Rc1 c5 12. O-O Nxc3 13. Rxc3 cxd4 14. exd4
Nd7 15. Qd3 Nf6 16. Rd1 Nd5 17. Rcc1 Qf6 18. Ba6 Nf4 19. Qf1 Nh3+ 20. gxh3 Bxf3
0-1

[Event "Paris-ch Open B"]
[Site "?"]
[Date "2010.07.06"]
[Round "3.1"]
[White "Caorlin, Mario"]
[Black "Carroll, John"]
[Result "1-0"]
[WhiteElo "1890"]
[BlackElo "1776"]
[PlyCount "159"]
[EventDate "2010.07.03"]
[SourceDate "2010.07.03"]

1. e4 c6 2. d4 d5 3. Nc3 dxe4 4. Nxe4 Bf5 5. Ng3 Bg6 6. Bc4 e6 7. N1e2 Bd6 8.
O-O Ne7 9. f4 Qc7 10. Bd3 Nd7 11. Kh1 O-O 12. c4 Bxd3 13. Qxd3 c5 14. Ne4 Nf5
15. Bd2 Be7 16. Bc3 cxd4 17. Nxd4 Nxd4 18. Qxd4 Bf6 19. Nxf6+ Nxf6 20. Rf3 Rfd8
21. Qe3 Ne8 22. b3 Rd7 23. Be5 Qa5 24. Bc3 Qc7 25. Qe2 Rad8 26. Raf1 Qd6 27.
Rg3 b6 28. h3 Qe7 29. Re3 Qc5 30. f5 Re7 31. fxe6 f6 32. Qe1 a5 33. b4 Qxc4 34.
bxa5 bxa5 35. Bxa5 Rd6 36. Rf2 Rdxe6 37. Rxe6 Qxe6 38. Qxe6+ Rxe6 39. Bb4 Rb6
40. a3 Nc7 41. Rd2 Ne6 42. Kg1 Kf7 43. Kf2 f5 44. Ke3 g5 45. Ra2 h5 46. Be1
Rb3+ 47. Kd2 g4 48. hxg4 hxg4 49. a4 Nc7 50. a5 Na6 51. Ke2 f4 52. Kf2 Re3 53.
Re2 Ra3 54. Re4 Ra2+ 55. Kf1 f3 56. gxf3 gxf3 57. Rf4+ Ke6 58. Rxf3 Kd7 59. Rb3
Kc8 60. Rb1 Rc2 61. Bf2 Rc6 62. Ke2 Nb8 63. Kd3 Ra6 64. Bb6 Nc6 65. Rb5 Na7 66.
Rc5+ Kb7 67. Rc7+ Kb8 68. Rh7 Nc6 69. Rh8+ Kb7 70. Rh7+ Kb8 71. Rh5 Kb7 72. Rb5
Ka8 73. Kc4 Kb7 74. Kc5 Na7 75. Rb1 Kc8 76. Rd1 Kb7 77. Rd7+ Kb8 78. Rh7 Nc8 (
78... Ka8 79. Kc4 Kb8 80. Kb4 Ka8 81. Bxa7 Rxa7 82. Rh8+ Kb7 83. Kb5 Ra8 (83...
Kc7 84. a6 Kd6 85. Kb6 Rd7 86. a7) 84. Rh7+ Kc8 85. Kb6 Rb8+ 86. Kc6) 79. Kb5
Na7+ 80. Kxa6 1-0

[Event "Paris-ch Open B"]
[Site "?"]
[Date "2010.07.05"]
[Round "3.3"]
[White "Insuasty, Luis"]
[Black "Joussim, Philippe"]
[Result "1-0"]
[WhiteElo "1883"]
[BlackElo "1771"]
[PlyCount "79"]
[EventDate "2010.07.03"]
[SourceDate "2010.07.03"]

1. c4 Nf6 2. g3 e6 3. Bg2 c5 4. Nf3 Nc6 5. d3 d5 6. cxd5 exd5 7. O-O Be7 8.
Nbd2 O-O 9. Nb3 Re8 10. Bg5 Qd6 11. Bf4 Qd8 12. Rc1 b6 13. Re1 Nh5 14. Bd2 Be6
15. e3 Nf6 16. Nfd4 Nxd4 17. exd4 Rc8 18. Be3 c4 19. dxc4 dxc4 20. Nd2 b5 21.
a3 Bd5 22. f3 Bf8 23. Bg5 Rxe1+ 24. Qxe1 h6 25. Be3 Qa5 26. Qf2 c3 27. Nb1 b4
28. axb4 Qxb4 29. bxc3 Qb3 30. Nd2 Qa3 31. Ne4 Bxe4 32. fxe4 Rxc3 33. Rxc3 Qxc3
34. h3 a5 35. e5 Qa1+ 36. Kh2 Nd5 37. Bxd5 Qa3 38. Qxf7+ Kh7 39. Qg8+ Kg6 40.
Be4+ 1-0

[Event "Paris-ch Open B"]
[Site "?"]
[Date "2010.07.06"]
[Round "3.4"]
[White "Leclerc, Arnaud"]
[Black "Stojanovic, Vojislav"]
[Result "*"]
[WhiteElo "1881"]
[BlackElo "1770"]
[PlyCount "93"]
[EventDate "2010.07.03"]
[SourceDate "2010.07.03"]

1. e4 c6 2. d4 d5 3. Nc3 dxe4 4. Nxe4 Bf5 5. Ng3 Bg6 6. Nf3 h6 7. h4 Nf6 8. h5
Bh7 9. Bd3 e6 10. Bxh7 Nxh7 11. Bf4 Nf6 12. Qe2 Nd5 13. Bd2 Nd7 14. Ne4 N5f6
15. O-O-O Nxe4 16. Qxe4 Nf6 17. Qe2 Qc7 18. g3 O-O-O 19. c4 c5 20. Bc3 Be7 21.
Kb1 cxd4 22. Bxd4 Bc5 23. Bxc5 Qxc5 24. Ne5 Nd7 25. Nxd7 Rxd7 26. Rxd7 Kxd7 27.
Rd1+ Kc8 28. Qd2 Qc7 29. b4 Rd8 30. Qxd8+ Qxd8 31. Rxd8+ Kxd8 32. Kc2 Kc7 33.
Kd3 Kd6 34. Ke4 b6 35. g4 f6 36. Kf4 Kc6 37. Ke3 Kd6 38. Ke4 Kc6 39. a3 Kd6 40.
Kd4 Kc6 41. f3 Kd6 42. Ke4 Kc6 43. f4 Kd6 44. Kd4 Kc6 45. Ke4 Kd6 46. Kd4 Kc6
47. Ke4 *